|
|
|
|
| LEADER |
00000cam a2200000 7i4500 |
| 001 |
0000016580 |
| 005 |
20080429.0 |
| 008 |
250408 |
| 020 |
|
|
|a 983256753X
|
| 090 |
0 |
0 |
|a 413
|b RAH
|
| 100 |
1 |
|
|a Rahman Shaari
|
| 245 |
1 |
0 |
|a Kamus Pekan Ilmu
|c By Rahman Shaari
|
| 260 |
|
|
|a Kuala Lumpur :
|b Pekan Ilmu Publications ,
|c 2004
|
| 650 |
|
0 |
|a Malay
|x Dictionaries
|
| 999 |
|
|
|a 0000960757
|b Book
|c REFERENCE
|e Perbadanan Perpustakaan Awam Johor
|
| 999 |
|
|
|a 0001012996
|b Book
|c REFERENCE
|e Perbadanan Perpustakaan Awam Johor
|
| 999 |
|
|
|a 0001012998
|b Book
|c REFERENCE
|e Perbadanan Perpustakaan Awam Johor
|
| 999 |
|
|
|a 0001071343
|b Book
|c REFERENCE
|e Cawangan Bandar Tenggara
|